Investment options Quiz Stats

 Plays Quiz not verified by Sporcle

Challenge
Share
Tweet
Embed
Score 0/8 Timer 01:00
0 Plays Today
Hints Your Answer % Correct
you buy parts of a companyStocks
88.3%
set term, you are giving a loanBonds
71.4%
tangible propertyReal Estate
53.9%
at the bank, set termCD
52.6%
collection of stocksMutual Funds
39.6%
at the bank, anytime accessSavings accounts
24%
stuff you likeCollectibles
16.2%
Known as APYAnnual Percentage Yield
14.9%

You're not logged in!

Compare scores with friends on all Sporcle quizzes.
OR
Log In

You Might Also Like...

Show Comments

Extras

Created Dec 7, 2011ReportNominate
Tags:extra, investment, option

Top Quizzes Today


Score Distribution

Your Account Isn't Verified!

In order to create a playlist on Sporcle, you need to verify the email address you used during registration. Go to your Sporcle Settings to finish the process.

Report this User

Report this user for behavior that violates our Community Guidelines.

Details: